ბათუმის შოთა რუსთაველის სახელმწიფო უნივერსიტეტის ბიბლიოთეკა

Early Years Pedagogy in Practice: (ბიბ.ჩანაწერი № 58430)

000 -LEADER
fixed length control field 00635nam a22001817a 4500
005 - DATE AND TIME OF LATEST TRANSACTION
control field 20221106122544.0
008 - FIXED-LENGTH DATA ELEMENTS--GENERAL INFORMATION
fixed length control field 220207s2021 enk||||| |||| 00| 0 eng d
020 ## - INTERNATIONAL STANDARD BOOK NUMBER
International Standard Book Number 9781138366114x
041 ## - LANGUAGE CODE
Language code of text/sound track or separate title eng
080 ## - UNIVERSAL DECIMAL CLASSIFICATION NUMBER
Universal Decimal Classification number 372.21 B-40
100 ## - MAIN ENTRY--PERSONAL NAME
Personal name Beigi, Ruksana
9 (RLIN) 13481
245 ## - TITLE STATEMENT
Title Early Years Pedagogy in Practice:
Remainder of title A Guide for Students and Practitioners /
Statement of responsibility, etc. Ruksana Beigi.
264 ## - PRODUCTION, PUBLICATION, DISTRIBUTION, MANUFACTURE, AND COPYRIGHT NOTICE
Place of production, publication, distribution, manufacture London :
Name of producer, publisher, distributor, manufacturer Routledge
Date of production, publication, distribution, manufacture, or copyright notice 2021.
300 ## - PHYSICAL DESCRIPTION
Extent 326 p.
Other physical details 25 cm.
653 ## - INDEX TERM--UNCONTROLLED
keyword სკოლამდელი ასაკის პედაგოგიკა
653 ## - INDEX TERM--UNCONTROLLED
keyword Педагогика дошкольного возраста
942 ## - ADDED ENTRY ELEMENTS (KOHA)
Source of classification or shelving scheme
Koha item type წიგნი
ეგზემპლარები
Withdrawn status Lost status Source of classification or shelving scheme Damaged status Not for loan Permanent Location Current Location Shelving location Date acquired Cost, normal purchase price Full call number Barcode Date last seen Copy number Price effective from Koha item type Public note
          ბათუმის შოთა რუსთაველის სახელმწიფო უნივერსიტეტის მთავარი ბიბლიოთეკა ბათუმის შოთა რუსთაველის სახელმწიფო უნივერსიტეტის მთავარი ბიბლიოთეკა წიგნსაცავი 2022-02-07 60.00 372.21 B-40 62139 2022-02-07 62139 2022-02-07 წიგნი 60 ლ.